000 00261nam a22001217a 4500
008 171208b xxu||||| |||| 00| 0 eng d
041 _aeng
080 _a621
100 _a27
101 _aINXH
245 _aDATEN- ORGANISATION
_cWEDEKIND, H
942 _2udc
_cBK
999 _c38843
_d38843